Bihari Migrants in Mumbai

Detalles Bibliográficos
Autor principal: Verma, Jyoti
Formato: eBook
Lenguaje:inglés
Publicado: Nueva Delhi: Lambert Academic Publishing, 2019
Materias:
Acceso en línea:Acceso restringido

MARC

LEADER 00000nam a22000007a 4500
005 20190918132051.0
007 cr|||| ||||
008 190918s2019 in |||||s|||| 00||0 eng d
020 |a 9786139981175 
035 |a 25791 
040 |a vLex 
090 |c 9557  |d 9557 
100 1 |a Verma, Jyoti 
245 1 0 |a  Bihari Migrants in Mumbai  |h [Recurso electrn̤ico] /  |c Jyoti Verma 
256 |a Servicio en ln̕ea 
260 |a Nueva Delhi:  |b Lambert Academic Publishing,  |c 2019 
300 |a 1 recurso electrn̤ico 
500 |a The study had a three fold objective namely, studying the local people’s ‘representations’ of the Bihari migrants, addressing to some ‘collective identity’ issues of the migrants and exploring the ‘reasons’ behind the deterioration in the relationship between the Bihari migrants and the local people of Mumbai. The main sample comprised of 307 people (152 Bihari migrants and 155 local people of Mumbai), another 50 respondents distributed into 8 focus groups, (4 to be run in each regional group), plus 8 Bihari and 9 Marathi people who were interviewed. Both the qualitative and quantitative methods were used for data collection. Coming to the reasons, taken in totality reduced employment option for the local people appeared one of the main reasons for the deterioration in the relationship between the two regional groups. Other common reasons for the relationship problem were negative behavioural characteristics of the Bihari people, pressure created by the migrants on the basics amenities of the city, politics and political leaders plus culture pollution and linguistic conflicts, etc. 
506 1 |a Disponible solo en los productos indicados  |d vLex Global  |d vLex Global (Academic Edition, excluding Law Schools)  |d vLex Global (U.S. Academic Edition, Law Schools)  |d vLex Global (U.S. Academic Edition, excluding Law Schools)  |d vLex Global (Academic Edition, Law Schools) 
650 0 4 |a Derecho Pb︢lico y Administrativo  |z India 
740 0 |a vLex Libros (Servicio en ln̕ea) 
856 4 0 |u http://vlex.com/source/25791  |z Acceso restringido 
942 |c BOOK 
999 0 |a Public and Administrative Law